CSGO: Weapon Conditions - Statistics

General Stats
  • This quiz has been taken 1,757 times
  • The average score is 5 of 5
Answer Stats
Hint Answer % Correct
Conditon Factory New
99%
Conditon Field-Tested
94%
Conditon Minimal Wear
92%
Conditon Well-Worn
88%
Conditon Battle-Scared
87%
No matching quizzes found
Score Distribution
Percent of People with Each Score
Percentile by Number Answered
Your Score History
You have not taken this quiz